| 000 | 00432nam a2200157Ia 4500 | ||
|---|---|---|---|
| 008 | 180921t2018 xxu||||| |||| 00| 0 eng d | ||
| 041 | _aeng | ||
| 080 |
_a3 _bMAR |
||
| 100 | _aMarasinghe,Lakshman | ||
| 245 | _aEvolution of Consitutional Governance in Sri Lanka: 2nd edition | ||
| 260 |
_bVijitha yapa Book shop _aColombo _c2018 |
||
| 300 | _b900p., 21cm | ||
| 942 | _cBK | ||
| 999 |
_c3537 _d3537 |
||
| 003 | LK-CoDNM | ||
| 040 |
_aLK-CoDNM _dLK-CoDNM _eLK-CoDNM |
||